[Event "Copenhagen Chess Challenge 2013"]
[Site "Ballerup"]
[Date "2013.??.??"]
[Round "2"]
[White "Orio, Lars"]
[Black "Westerinen, Heikki"]
[Result "0-1"]
[WhiteElo "1936"]
[BlackElo "2335"]
[PlyCount "144"]
[EventDate "2013.??.??"]
[EventType "swiss"]
[EventRounds "9"]
[EventCountry "DEN"]

1. e4 e6 2. d4 d5 3. Nc3 dxe4 4. Nxe4 Bd7 5. Nf3 Bc6 6. Bd3 Nd7 7. Qe2 Ngf6 8.
Ne5 Nxe5 9. dxe5 Nxe4 10. Bxe4 Bxe4 11. Qxe4 c6 12. Bd2 Qd5 13. Qxd5 cxd5 14.
Be3 a6 15. a4 Rc8 16. c3 Be7 17. f4 O-O 18. O-O f6 19. Bd4 f5 20. g3 g5 21. Be3
h6 22. Kg2 Rc4 23. Bd4 Kh7 24. Kf3 Rg8 25. Rg1 Rgc8 26. Rgd1 Kg6 27. Rd3 Kf7
28. b3 R4c6 29. Ke2 Rg8 30. Rg1 Rcc8 31. Be3 Rg6 32. fxg5 hxg5 33. Kf3 Rh8 34.
Rg2 Rg7 35. Ke2 Rgh7 36. Bg1 b5 37. axb5 axb5 38. Rd2 Ra8 39. Kd3 Rhh8 40. Ra2
Rhc8 41. Bd4 Ke8 42. Rge2 Kd7 43. Rec2 Rf8 44. Rf2 Kc6 45. c4 dxc4+ 46. bxc4 b4
47. Rfb2 Rfd8 48. Rxa8 Rxa8 49. Rb1 Rd8 50. Ke3 Bc5 51. Bxc5 Kxc5 52. h4 gxh4
53. gxh4 Rh8 54. Rh1 Kxc4 55. h5 b3 56. Kf4 b2 57. Kg5 Kb3 58. Kf6 Rxh5 59.
Rxh5 b1=Q 60. Kxe6 f4 61. Rf5 Qxf5+ 62. Kxf5 f3 63. e6 f2 64. e7 f1=Q+ 65. Ke6
Qb5 66. Kf7 Qf5+ 67. Kg8 Qe6+ 68. Kf8 Qf6+ 69. Ke8 Kc4 70. Kd7 Qf7 71. Kd8 Qd5+
72. Kc7 Qe6 0-1

[Event "Copenhagen Chess Challenge 2013"]
[Site "Ballerup"]
[Date "2013.??.??"]
[Round "2"]
[White "Andreassen, Mikkel"]
[Black "Gandrud, Vegar Koi"]
[Result "0-1"]
[WhiteElo "1928"]
[BlackElo "2251"]
[PlyCount "98"]
[EventDate "2013.??.??"]
[EventType "swiss"]
[EventRounds "9"]
[EventCountry "DEN"]

1. d4 Nf6 2. c4 e6 3. Nf3 Bb4+ 4. Bd2 Qe7 5. g3 O-O 6. Bg2 d5 7. O-O Bxd2 8.
Nbxd2 b6 9. Qa4 Bb7 10. Ne5 Nbd7 11. Ndf3 c5 12. e3 dxc4 13. Qxc4 cxd4 14. exd4
Bd5 15. Qa4 Nxe5 16. Nxe5 Bxg2 17. Kxg2 Rac8 18. Rac1 Qb7+ 19. Kg1 b5 20. Qb3
Rfd8 21. Rxc8 Rxc8 22. Rd1 h6 23. f3 Qb6 24. Kg2 a6 25. a3 Qc7 26. Rd2 Nd5 27.
Kf2 Qc1 28. Qd3 Qh1 29. Qf1 Qxh2+ 30. Qg2 Qh5 31. Nd3 Qg5 32. f4 Qe7 33. Qe4 f5
34. Qe2 Nf6 35. Nc5 Rxc5 36. dxc5 Ne4+ 37. Ke1 Qxc5 38. Rd3 Kh7 39. b4 Qc7 40.
Qe3 a5 41. Ke2 axb4 42. axb4 Qc2+ 43. Kf3 Qb1 44. Qe2 Qxb4 45. g4 Qc4 46. g5
Qc6 47. Ke3 Nc5 48. Rd4 Nb3 49. Rd3 Nc1 0-1

[Event "Copenhagen Chess Challenge 2013"]
[Site "Ballerup"]
[Date "2013.??.??"]
[Round "2"]
[White "Skousen, Nikolai"]
[Black "Frank Nielsen, Marie"]
[Result "1-0"]
[WhiteElo "2192"]
[BlackElo "1984"]
[PlyCount "75"]
[EventDate "2013.??.??"]
[EventType "swiss"]
[EventRounds "9"]
[EventCountry "DEN"]

1. d4 Nf6 2. c4 g6 3. Nc3 Bg7 4. e4 d6 5. f3 O-O 6. Be3 e5 7. Nge2 Nc6 8. d5
Ne7 9. h4 Nh5 10. g4 Nf4 11. Nxf4 exf4 12. Bd4 f6 13. c5 Re8 14. Be2 dxc5 15.
Bxc5 b6 16. Ba3 f5 17. Qb3 Kh8 18. O-O-O Bd7 19. g5 h5 20. gxh6 Bxh6 21. e5 Ng8
22. e6 Bc8 23. Bb5 Re7 24. Kb1 Rh7 25. Bc6 Rb8 26. d6 Qf6 27. d7 Ba6 28. Rhe1
Bf8 29. Nd5 Qd8 30. Qa4 b5 31. Qd4+ Bg7 32. Qxf4 b4 33. Nxb4 Qf6 34. e7 Rxh4
35. Qxh4+ Qxh4 36. Rh1 Rxb4 37. Bxb4 Bd3+ 38. Ka1 1-0

[Event "Copenhagen Chess Challenge 2013"]
[Site "Ballerup"]
[Date "2013.??.??"]
[Round "2"]
[White "Hagen, Anders Gjerdrum"]
[Black "Andersen, Daniel"]
[Result "1-0"]
[WhiteElo "2134"]
[BlackElo "1935"]
[PlyCount "39"]
[EventDate "2013.??.??"]
[EventType "swiss"]
[EventRounds "9"]
[EventCountry "DEN"]

1. d4 e6 2. c4 f5 3. g3 d5 4. Nf3 c6 5. Bg2 Nf6 6. Bf4 Be7 7. O-O O-O 8. Nc3
Ne4 9. Ne5 b6 10. f3 Nf6 11. Qb3 Bb7 12. Rad1 Nbd7 13. e4 fxe4 14. fxe4 dxe4
15. Nxe4 Nxe4 16. Bxe4 Nxe5 17. Bxe5 Rxf1+ 18. Rxf1 Qd7 19. Qd3 h6 20. Bh7+ 1-0

[Event "Copenhagen Chess Challenge 2013"]
[Site "Ballerup"]
[Date "2013.??.??"]
[Round "2"]
[White "Brekka, Hanus"]
[Black "Nielsen, Thomas (1975)"]
[Result "1/2-1/2"]
[WhiteElo "2092"]
[BlackElo "1886"]
[PlyCount "61"]
[EventDate "2013.??.??"]
[EventType "swiss"]
[EventRounds "9"]
[EventCountry "DEN"]

1. e4 c6 2. d4 d5 3. exd5 cxd5 4. c4 Nf6 5. Nc3 g6 6. Nf3 Bg7 7. c5 Nc6 8. Bb5
O-O 9. O-O Bg4 10. Be3 Qc7 11. h3 Bf5 12. Qc1 Rfd8 13. Bh6 Bh8 14. Bxc6 bxc6
15. b4 Ne4 16. Ne2 Qc8 17. Qf4 Qa6 18. Ng3 Nxg3 19. fxg3 f6 20. g4 Be4 21. Ng5
Qe2 22. Rf2 Qd3 23. Ne6 Rd7 24. Qd2 Qxd2 25. Bxd2 f5 26. Bc3 Bf6 27. g5 Kf7 28.
gxf6 Kxe6 29. fxe7 Rxe7 30. a4 a6 31. Rd2 1/2-1/2

[Event "Copenhagen Chess Challenge 2013"]
[Site "Ballerup"]
[Date "2013.??.??"]
[Round "2"]
[White "Haagen Larsen, Hans"]
[Black "Poulsen, Iver"]
[Result "0-1"]
[WhiteElo "1745"]
[BlackElo "2057"]
[PlyCount "52"]
[EventDate "2013.??.??"]
[EventType "swiss"]
[EventRounds "9"]
[EventCountry "DEN"]

1. d4 d5 2. Nf3 Nf6 3. Bf4 c5 4. e3 Nc6 5. c3 Qb6 6. Qb3 c4 7. Qc2 g6 8. Nbd2
Bf5 9. Qc1 Nh5 10. b3 Nxf4 11. exf4 cxb3 12. axb3 Bg7 13. Nh4 Bd7 14. Bd3 O-O
15. O-O a6 16. f5 Nxd4 17. fxg6 hxg6 18. Re1 Ne6 19. Ndf3 Qc7 20. g3 Qxc3 21.
Qxc3 Bxc3 22. Ne5 Rfd8 23. Nhxg6 Bxa1 24. Nxe7+ Kf8 25. Nxd5 Bxe5 26. Rxe5 Bc6
0-1

[Event "Copenhagen Chess Challenge 2013"]
[Site "Ballerup"]
[Date "2013.??.??"]
[Round "2"]
[White "Jensen, Jonbert"]
[Black "Jacobsen, Mads Holger Bang"]
[Result "0-1"]
[WhiteElo "1576"]
[BlackElo "2050"]
[PlyCount "142"]
[EventDate "2013.??.??"]
[EventType "swiss"]
[EventRounds "9"]
[EventCountry "DEN"]

1. e4 c5 2. Nf3 e6 3. Bc4 Nc6 4. a3 Nf6 5. d3 d5 6. exd5 exd5 7. Qe2+ Be7 8.
Ba2 Bg4 9. c3 O-O 10. O-O Re8 11. Qd1 Ne5 12. Nbd2 Nxd3 13. Bb1 Nxc1 14. Qxc1
Bd6 15. Re1 Qd7 16. Bc2 Rxe1+ 17. Qxe1 Re8 18. Qf1 Bf5 19. Rc1 Bxc2 20. Rxc2
Qf5 21. Qd1 Ng4 22. Nf1 Ne5 23. Nxe5 Qxe5 24. g3 Bc7 25. Ne3 d4 26. Nc4 Qe1+
27. Qxe1 Rxe1+ 28. Kg2 dxc3 29. Rxc3 Re6 30. b3 Kf8 31. Ne3 b6 32. b4 Be5 33.
Rc4 cxb4 34. axb4 Bd6 35. Nf5 Be5 36. Nd4 Re8 37. Nc6 a6 38. Nxe5 Rxe5 39. Rc6
Rb5 40. Rc4 Ke7 41. h4 Ke6 42. f4 g6 43. Kf3 Kd5 44. Rc7 Ke6 45. Rc4 Kd5 46.
Rc7 Rxb4 47. Rxf7 Rb3+ 48. Kg4 h5+ 49. Kh3 Ke6 50. Rc7 a5 51. Rc6+ Kf5 52. Rc8
a4 53. Rf8+ Ke6 54. Rg8 Kf7 55. Ra8 a3 56. Ra7+ Kf6 57. Ra6 Kf5 58. Ra4 b5 59.
Ra5 Kf6 60. Ra6+ Kg7 61. Ra7+ Kh6 62. Ra6 b4 63. f5 Rb2 64. Rxg6+ Kh7 65. Ra6
a2 66. f6 Kg6 67. g4 hxg4+ 68. Kxg4 b3 69. h5+ Kf7 70. h6 Rb1 71. Kg5 a1=Q 0-1

[Event "Copenhagen Chess Challenge 2013"]
[Site "Ballerup"]
[Date "2013.??.??"]
[Round "3"]
[White "Fries Nielsen, Jens Ove"]
[Black "Hector, Jonny"]
[Result "0-1"]
[WhiteElo "2373"]
[BlackElo "2510"]
[PlyCount "76"]
[EventDate "2013.??.??"]
[EventType "swiss"]
[EventRounds "9"]
[EventCountry "DEN"]

1. Nc3 d5 2. f4 e5 3. fxe5 d4 4. Ne4 Qd5 5. d3 Nc6 6. c3 Nxe5 7. Qa4+ Nc6 8.
Nf3 f5 9. Ned2 dxc3 10. bxc3 Nf6 11. g3 Bd7 12. Bg2 O-O-O 13. Rb1 Bc5 14. Nh4
Qe6 15. Qb3 Bb6 16. Nc4 Rhe8 17. Rb2 Kb8 18. Bf4 Bc8 19. Nxb6 Qxb3 20. Rxb3
axb6 21. Bxc6 bxc6 22. Rxb6+ Ka7 23. Rxc6 Nd5 24. Bg5 Bb7 25. Rc5 Kb6 26. Rc4
Ra8 27. O-O Rxa2 28. Rb1+ Ka6 29. e4 fxe4 30. dxe4 h6 31. exd5 hxg5 32. Rxc7
Bxd5 33. Rd7 Be4 34. Rd6+ Ka7 35. Rd7+ Ka8 36. Rbd1 gxh4 37. Rd8+ Rxd8 38.
Rxd8+ Kb7 0-1

[Event "Copenhagen Chess Challenge 2013"]
[Site "Ballerup"]
[Date "2013.??.??"]
[Round "3"]
[White "Danielsen, Henrik"]
[Black "Johansson, Linus"]
[Result "1/2-1/2"]
[WhiteElo "2500"]
[BlackElo "2348"]
[PlyCount "77"]
[EventDate "2013.??.??"]
[EventType "swiss"]
[EventRounds "9"]
[EventCountry "DEN"]

1. Nf3 Nf6 2. d3 g6 3. g3 Bg7 4. Bg2 O-O 5. O-O d5 6. c3 c5 7. Nbd2 Nc6 8. e4
dxe4 9. dxe4 b6 10. Qe2 Qc7 11. Re1 Rb8 12. Nc4 Nd7 13. Ne3 e6 14. Ng4 b5 15.
e5 h5 16. Nf6+ Nxf6 17. exf6 Bxf6 18. Bf4 e5 19. Nxe5 Nxe5 20. Bxe5 Bxe5 21.
Qxe5 Qxe5 22. Rxe5 c4 23. Bd5 Bb7 24. Bxb7 Rxb7 25. Rd1 Kg7 26. Rd6 Rc8 27. a3
Rcc7 28. f4 a5 29. f5 gxf5 30. Rxf5 b4 31. Rg5+ Kf8 32. axb4 axb4 33. Rf6 bxc3
34. bxc3 Rb3 35. Rf3 Ra7 36. Rxh5 Rb2 37. Rhf5 Rc2 38. Rf2 Rxc3 39. Rc5 1/2-1/2

[Event "Copenhagen Chess Challenge 2013"]
[Site "Ballerup"]
[Date "2013.??.??"]
[Round "3"]
[White "Jacobsen, Bo"]
[Black "Andersen, Mads"]
[Result "1/2-1/2"]
[WhiteElo "2310"]
[BlackElo "2484"]
[PlyCount "25"]
[EventDate "2013.??.??"]
[EventType "swiss"]
[EventRounds "9"]
[EventCountry "DEN"]

1. c4 c5 2. g3 g6 3. Bg2 Bg7 4. Nc3 Nc6 5. Nf3 e6 6. e3 Nge7 7. O-O d5 8. cxd5
Nxd5 9. d4 cxd4 10. Nxd5 exd5 11. Nxd4 Nxd4 12. exd4 O-O 13. Qb3 1/2-1/2

[Event "Copenhagen Chess Challenge 2013"]
[Site "Ballerup"]
[Date "2013.??.??"]
[Round "3"]
[White "Brynell, Stellan"]
[Black "Sylvan, Jacob"]
[Result "1-0"]
[WhiteElo "2478"]
[BlackElo "2341"]
[PlyCount "81"]
[EventDate "2013.??.??"]
[EventType "swiss"]
[EventRounds "9"]
[EventCountry "DEN"]

1. d4 Nf6 2. c4 g6 3. g3 Bg7 4. Bg2 O-O 5. Nc3 d6 6. Nf3 c6 7. O-O Qa5 8. e4 e5
9. h3 Nbd7 10. Re1 exd4 11. Nxd4 Ne5 12. Bf1 Re8 13. Be3 c5 14. Nb3 Qb4 15. a3
Qb6 16. Nd2 Qd8 17. Rb1 b6 18. f4 Nc6 19. Bg2 Bb7 20. Bf2 Nd4 21. Nb3 Nxb3 22.
Qxb3 Qe7 23. Rbd1 Rad8 24. Qc2 Qc7 25. Nb5 Qb8 26. e5 dxe5 27. Bxb7 Qxb7 28.
fxe5 Nd7 29. Nd6 Qc6 30. Nxe8 Rxe8 31. Rd6 Qc7 32. Qa4 Re7 33. Qc6 Qxc6 34.
Rxc6 Bxe5 35. Rc7 f6 36. Rxa7 Kf7 37. b4 cxb4 38. axb4 Ke6 39. Rb7 Kd6 40. b5
Bd4 41. Rd1 1-0

[Event "Copenhagen Chess Challenge 2013"]
[Site "Ballerup"]
[Date "2013.??.??"]
[Round "3"]
[White "Semcesen, Daniel"]
[Black "Englert, Fabian"]
[Result "0-1"]
[WhiteElo "2464"]
[BlackElo "2214"]
[PlyCount "218"]
[EventDate "2013.??.??"]
[EventType "swiss"]
[EventRounds "9"]
[EventCountry "DEN"]

1. d4 d5 2. c4 dxc4 3. Nf3 Nf6 4. Qa4+ c6 5. Qxc4 e6 6. Bg5 b5 7. Qc2 Bb7 8. e3
Nbd7 9. Nbd2 Be7 10. Bd3 Rc8 11. Bxf6 gxf6 12. Qb3 a6 13. a4 Nb6 14. axb5 cxb5
15. Be4 Bxe4 16. Nxe4 Qd5 17. Qxd5 Nxd5 18. O-O Nb4 19. Rfc1 Kd7 20. Ne1 Rxc1
21. Rxc1 f5 22. Nc3 Rc8 23. Ra1 Kc7 24. Kf1 Kb6 25. Ke2 a5 26. Nd3 Nxd3 27.
Kxd3 Bb4 28. Na2 Bd6 29. Nc3 Bb4 30. Na2 Bd6 31. Nc3 Bb4 32. Ne2 a4 33. h3 Bd6
34. g4 Ka5 35. Nc3 Kb4 36. Ra3 fxg4 37. hxg4 Rg8 38. Ne4 Be7 39. f3 h5 40. gxh5
Rg2 41. Nd2 Rh2 42. Rc3 Bh4 43. Rc1 f5 44. f4 Bf2 45. Nf3 Rxh5 46. Rc2 Bg3 47.
Rg2 Bh4 48. Ng5 Rh6 49. Nf7 Rh7 50. Ne5 Kb3 51. Rh2 b4 52. Nc4 a3 53. bxa3 bxa3
54. Na5+ Ka4 55. Nc4 Rh8 56. Ra2 Be7 57. Ra1 Rh2 58. Nxa3 Bxa3 59. d5 exd5 60.
Kd4 Re2 61. Rh1 Rd2+ 62. Ke5 Bc5 63. Rh3 Rd3 64. Rh5 Bxe3 65. Rxf5 Kb4 66. Rf8
Kc4 67. f5 Bc5 68. Rc8 Re3+ 69. Kf4 Re1 70. f6 d4 71. Rd8 d3 72. f7 Rf1+ 73.
Ke4 Rxf7 74. Rd4+ Kb5 75. Rxd3 Kc4 76. Rd8 Re7+ 77. Kf5 Re1 78. Rd7 Bd4 79.
Rc7+ Kd5 80. Rd7+ Kc5 81. Kf4 Be5+ 82. Kf3 Bd6 83. Ra7 Kd5 84. Ra8 Re7 85. Rd8
Ke5 86. Ke3 Ra7 87. Re8+ Kd5 88. Kf3 Ra3+ 89. Re3 Ra8 90. Rd3+ Ke5 91. Re3+ Kf5
92. Rd3 Be5 93. Rb3 Rh8 94. Rb4 Rh3+ 95. Ke2 Ra3 96. Rc4 Ke6 97. Rc5 Kd6 98.
Rb5 Bd4 99. Rg5 Be5 100. Rh5 Kd5 101. Rh4 Bf6 102. Rg4 Bd4 103. Rh4 Re3+ 104.
Kd2 Kc4 105. Rg4 Rf3 106. Ke2 Rf2+ 107. Ke1 Ra2 108. Rg8 Kd3 109. Kf1 Ra1+ 0-1

[Event "Copenhagen Chess Challenge 2013"]
[Site "Ballerup"]
[Date "2013.??.??"]
[Round "3"]
[White "Mikkelsen, Nikolaj"]
[Black "Haubro, Martin"]
[Result "1/2-1/2"]
[WhiteElo "2417"]
[BlackElo "2179"]
[PlyCount "80"]
[EventDate "2013.??.??"]
[EventType "swiss"]
[EventRounds "9"]
[EventCountry "DEN"]

1. e4 c5 2. Nf3 d6 3. Bb5+ Bd7 4. Bxd7+ Qxd7 5. O-O Nc6 6. Qe2 g6 7. c3 Bg7 8.
Rd1 e5 9. b4 cxb4 10. cxb4 Nge7 11. d4 Nxd4 12. Nxd4 exd4 13. Bb2 O-O 14. Bxd4
Bxd4 15. Rxd4 Nc6 16. Rd1 Nxb4 17. Nc3 Rac8 18. Rac1 Qe6 19. Qb2 Rc4 20. a3 Nc6
21. Nd5 Rxc1 22. Rxc1 Qe5 23. Qxb7 Nd4 24. Rd1 Kg7 25. Qb4 Rc8 26. h3 Ne2+ 27.
Kh1 Rc2 28. Ne3 Rb2 29. Qxd6 Qxe4 30. Ng4 Qf5 31. Qd7 Rb1 32. Qd2 Rxd1+ 33.
Qxd1 Qe4 34. Ne3 Nf4 35. Qa1+ Kg8 36. Kh2 h5 37. Qb2 Nd3 38. Qb8+ Kg7 39. Kg1
Qd4 40. Qb1 Qc3 1/2-1/2

[Event "Copenhagen Chess Challenge 2013"]
[Site "Ballerup"]
[Date "2013.??.??"]
[Round "3"]
[White "Kenneskog, Theodor"]
[Black "Carstensen, Jacob"]
[Result "1/2-1/2"]
[WhiteElo "2234"]
[BlackElo "2401"]
[PlyCount "96"]
[EventDate "2013.??.??"]
[EventType "swiss"]
[EventRounds "9"]
[EventCountry "DEN"]

1. e4 c5 2. Nf3 d6 3. d4 Nf6 4. Nc3 cxd4 5. Nxd4 a6 6. Bg5 e6 7. f4 Qc7 8. Qe2
Nc6 9. O-O-O Be7 10. g4 h6 11. Bh4 g5 12. fxg5 Nxd4 13. Rxd4 Nd7 14. Bg3 hxg5
15. Bg2 Ne5 16. Rf1 Bd7 17. Qf2 Rh7 18. Bxe5 dxe5 19. Rd3 Bc5 20. Qf6 Be7 21.
Qf2 f6 22. Rfd1 Rd8 23. h3 Bc6 24. Rxd8+ Bxd8 25. Qc5 Rd7 26. Qc4 Rxd1+ 27.
Kxd1 Qd6+ 28. Qd3 Qc5 29. a3 Bb6 30. Qf3 Ke7 31. Bf1 Qd4+ 32. Qd3 Qf2 33. Qe2
Qf4 34. Bg2 Bd4 35. Qf3 Qxf3+ 36. Bxf3 Bxc3 37. bxc3 f5 38. Ke2 f4 39. c4 Kd6
40. Kd2 Kc5 41. Kc3 b6 42. Bg2 a5 43. Bf3 Bb7 44. Bg2 Ba6 45. Bf1 f3 46. Kd2 f2
47. Ke3 Bb7 48. Bd3 Kd6 1/2-1/2

[Event "Copenhagen Chess Challenge 2013"]
[Site "Ballerup"]
[Date "2013.??.??"]
[Round "3"]
[White "Hagen, Andreas Skytte"]
[Black "Lovik, Lasse Ostebo"]
[Result "1/2-1/2"]
[WhiteElo "2400"]
[BlackElo "2310"]
[PlyCount "82"]
[EventDate "2013.??.??"]
[EventType "swiss"]
[EventRounds "9"]
[EventCountry "DEN"]

1. e4 e5 2. Nf3 Nc6 3. Bb5 a6 4. Ba4 Nf6 5. O-O Be7 6. d3 b5 7. Bb3 d6 8. a4
Bd7 9. c3 Na5 10. Bc2 c5 11. Nbd2 O-O 12. Re1 Qc7 13. Nf1 h6 14. Ne3 Rfe8 15.
h3 Bf8 16. Nh2 Nc6 17. Nhg4 Nxg4 18. hxg4 Be6 19. Nf5 d5 20. Qf3 Qd7 21. g3 f6
22. Kg2 Rab8 23. axb5 axb5 24. Rh1 Nd8 25. Qe2 Nf7 26. f3 Ra8 27. Bd2 Rxa1 28.
Rxa1 Qb7 29. Qd1 Rd8 30. Qe1 dxe4 31. dxe4 Nd6 32. Ne3 Nc4 33. Nxc4 Bxc4 34.
Be3 Rd7 35. Rd1 Be6 36. b3 c4 37. b4 Rxd1 38. Qxd1 Qd7 39. Qxd7 Bxd7 40. Kf2
Bd6 41. Kg2 Kf7 1/2-1/2

[Event "Copenhagen Chess Challenge 2013"]
[Site "Ballerup"]
[Date "2013.??.??"]
[Round "3"]
[White "Westerinen, Heikki"]
[Black "Frisk, Ellinor"]
[Result "1-0"]
[WhiteElo "2335"]
[BlackElo "2194"]
[PlyCount "55"]
[EventDate "2013.??.??"]
[EventType "swiss"]
[EventRounds "9"]
[EventCountry "DEN"]

1. e4 c5 2. Nf3 Nc6 3. Bb5 d6 4. c3 Bd7 5. d4 cxd4 6. cxd4 e6 7. Nc3 Nf6 8. O-O
a6 9. Bd3 e5 10. d5 Na7 11. a4 Be7 12. Qb3 Qb8 13. h3 O-O 14. Be3 Nc8 15. Rfc1
Ne8 16. a5 Bd8 17. Ra3 Ne7 18. Qb4 f5 19. exf5 Nxf5 20. Bb6 Bxb6 21. Qxb6 Nf6
22. Rb3 Ra7 23. Rb4 Rc8 24. Rc4 Ne7 25. Rxc8+ Nxc8 26. Qd8+ Be8 27. Ne4 Nxe4
28. Qxe8# 1-0

[Event "Copenhagen Chess Challenge 2013"]
[Site "Ballerup"]
[Date "2013.??.??"]
[Round "3"]
[White "Bejtovic, Jasmin"]
[Black "Rydstrom, Tom"]
[Result "1/2-1/2"]
[WhiteElo "2406"]
[BlackElo "2149"]
[PlyCount "63"]
[EventDate "2013.??.??"]
[EventType "swiss"]
[EventRounds "9"]
[EventCountry "DEN"]

1. Nf3 Nc6 2. d4 d5 3. g3 Bg4 4. Bg2 Nf6 5. O-O e6 6. c4 Be7 7. Ne5 Bh5 8. Nc3
O-O 9. cxd5 Nxd5 10. Nxc6 bxc6 11. Qd2 Rb8 12. e4 Nxc3 13. bxc3 c5 14. d5 exd5
15. exd5 Bg6 16. Re1 Qd7 17. Ba3 Rfe8 18. Qf4 Bd6 19. Qc4 Rxe1+ 20. Rxe1 Qb5
21. Bf1 Qxc4 22. Bxc4 Rb1 23. Rxb1 Bxb1 24. f3 Kf8 25. Kf2 Ke7 26. Ke3 Kd7 27.
f4 Be7 28. Bc1 Kd6 29. a3 f5 30. Bd3 Bxd3 31. Kxd3 Kxd5 32. c4+ 1/2-1/2

[Event "Copenhagen Chess Challenge 2013"]
[Site "Ballerup"]
[Date "2013.??.??"]
[Round "3"]
[White "Ochsner, Bjorn Moller"]
[Black "Hagen, Anders Gjerdrum"]
[Result "0-1"]
[WhiteElo "2347"]
[BlackElo "2134"]
[PlyCount "92"]
[EventDate "2013.??.??"]
[EventType "swiss"]
[EventRounds "9"]
[EventCountry "DEN"]

1. d4 Nf6 2. c4 e6 3. Nc3 Bb4 4. e3 O-O 5. Nge2 d5 6. a3 Bd6 7. Ng3 c5 8. dxc5
Bxc5 9. b4 Be7 10. cxd5 exd5 11. Be2 Nc6 12. Bf3 Be6 13. O-O a5 14. b5 Ne5 15.
Nce2 Nxf3+ 16. gxf3 Nd7 17. Bb2 Bf6 18. Bd4 Rc8 19. Kh1 Rc4 20. Rg1 Bxd4 21.
Nxd4 Nf6 22. Qd2 Qc7 23. Qb2 Re8 24. Rad1 Bc8 25. Rd2 g6 26. b6 Qe5 27. Rgd1
Rd8 28. Kg2 h5 29. h4 Qe7 30. Rg1 Kh7 31. Kf1 Bh3+ 32. Ke2 Rdc8 33. Nb3 a4 34.
Na5 Rc3 35. Rgd1 Rxa3 36. Nxb7 Rb3 37. Qa1 Rxb6 38. Na5 Rb4 39. Rb1 Rxb1 40.
Qxb1 Qc5 41. Qa1 Qb5+ 42. Kd1 Kg7 43. Rd4 Qxa5 44. Rxa4 Qb5 45. Ne2 Qd3+ 46.
Ke1 Rb8 0-1

[Event "Copenhagen Chess Challenge 2013"]
[Site "Ballerup"]
[Date "2013.??.??"]
[Round "3"]
[White "Rhee, Alexander"]
[Black "Tari, Aryan"]
[Result "1/2-1/2"]
[WhiteElo "2147"]
[BlackElo "2293"]
[PlyCount "76"]
[EventDate "2013.??.??"]
[EventType "swiss"]
[EventRounds "9"]
[EventCountry "DEN"]

1. Nf3 Nf6 2. c4 e6 3. g3 a6 4. e3 d5 5. b3 c5 6. Bg2 Nc6 7. O-O d4 8. exd4
cxd4 9. Re1 Bd6 10. Ba3 O-O 11. d3 e5 12. Bxd6 Qxd6 13. b4 Re8 14. a3 Bg4 15.
h3 Bxf3 16. Qxf3 e4 17. dxe4 a5 18. c5 Qe6 19. Nd2 axb4 20. axb4 Nxb4 21. Rxa8
Rxa8 22. Rb1 Ra4 23. Qd1 Qa6 24. e5 Nfd5 25. Bxd5 Nxd5 26. Rxb7 g6 27. Qb3 Ra1+
28. Kh2 Qc6 29. Ne4 Kg7 30. Ng5 Nc7 31. Qxf7+ Kh6 32. Qf3 Qxf3 33. Nxf3 Ne6 34.
Rb4 d3 35. Rc4 Ra2 36. Kg2 d2 37. Nxd2 Rxd2 38. c6 Nc7 1/2-1/2

[Event "Copenhagen Chess Challenge 2013"]
[Site "Ballerup"]
[Date "2013.??.??"]
[Round "3"]
[White "Bekker Jensen, David"]
[Black "Lepot, Simon"]
[Result "1-0"]
[WhiteElo "2292"]
[BlackElo "2075"]
[PlyCount "53"]
[EventDate "2013.??.??"]
[EventType "swiss"]
[EventRounds "9"]
[EventCountry "DEN"]

1. d4 Nf6 2. c4 g6 3. g3 Bg7 4. Bg2 d6 5. Nc3 O-O 6. Nf3 c6 7. O-O Qa5 8. e4
Bg4 9. h3 Bxf3 10. Bxf3 Nfd7 11. Be2 c5 12. d5 Na6 13. Bd2 Qd8 14. h4 Nc7 15.
h5 a6 16. a4 b6 17. Kg2 e6 18. Rh1 Bd4 19. Qg1 Qf6 20. Rf1 Rae8 21. Qh2 Qg7 22.
hxg6 fxg6 23. Bh6 Qf7 24. Bxf8 Rxf8 25. f4 Re8 26. dxe6 Nxe6 27. f5 1-0

[Event "Copenhagen Chess Challenge 2013"]
[Site "Ballerup"]
[Date "2013.??.??"]
[Round "3"]
[White "Percivaldi, Martin"]
[Black "Matthiesen, Martin"]
[Result "0-1"]
[WhiteElo "2097"]
[BlackElo "2284"]
[PlyCount "124"]
[EventDate "2013.??.??"]
[EventType "swiss"]
[EventRounds "9"]
[EventCountry "DEN"]

1. d4 Nf6 2. c4 e6 3. Nc3 Bb4 4. e3 b6 5. Nge2 Ba6 6. a3 Be7 7. Nf4 d5 8. Qf3
c6 9. cxd5 cxd5 10. Bxa6 Nxa6 11. O-O O-O 12. b3 Nb8 13. Bb2 Nc6 14. Rfc1 Qd7
15. Nd3 Qb7 16. Qd1 Rfc8 17. h3 a6 18. Nb1 Ne4 19. Nd2 Nd6 20. a4 Nf5 21. Ba3
Bg5 22. Nf3 Be7 23. Bxe7 Qxe7 24. Qd2 Nd6 25. Qb2 Ne4 26. Rc2 Rc7 27. Rac1 Rac8
28. Nfe5 Na5 29. f3 Nd6 30. Rxc7 Rxc7 31. Rxc7 Qxc7 32. Qc1 Qb7 33. Qc2 Nf5 34.
Kf2 f6 35. Ng4 Nc6 36. Nh2 Qc7 37. Nf1 Qd6 38. g4 Nfe7 39. f4 e5 40. dxe5 fxe5
41. fxe5 Nxe5 42. Nxe5 Qxe5 43. Qe2 Qf6+ 44. Kg1 a5 45. Qb5 h6 46. Qe2 Qc3 47.
Nd2 Ng6 48. Qf2 d4 49. exd4 Qxh3 50. Qf3 Qh4 51. Nc4 Qe1+ 52. Qf1 Qe4 53. Qf2
Qxg4+ 54. Kf1 Nf4 55. Ne3 Qh3+ 56. Kg1 g5 57. d5 Kf8 58. d6 Ke8 59. Nc4 Qe6 60.
d7+ Kxd7 61. Qd4+ Kc7 62. Ne5 Ne2+ 0-1

[Event "Copenhagen Chess Challenge 2013"]
[Site "Ballerup"]
[Date "2013.??.??"]
[Round "3"]
[White "Pedersen, Sven"]
[Black "Pedersen, Daniel V"]
[Result "1/2-1/2"]
[WhiteElo "2083"]
[BlackElo "2250"]
[PlyCount "66"]
[EventDate "2013.??.??"]
[EventType "swiss"]
[EventRounds "9"]
[EventCountry "DEN"]

1. e4 e5 2. Nf3 Nc6 3. Bb5 Nf6 4. d3 Bc5 5. Bxc6 dxc6 6. O-O Qe7 7. Nbd2 Bg4 8.
h3 Bh5 9. Nc4 Nd7 10. Be3 f6 11. Qe2 O-O-O 12. c3 Bxe3 13. Qxe3 Qc5 14. Qe2 Nf8
15. b4 Qe7 16. Qe3 Kb8 17. a4 Ne6 18. g3 Bxf3 19. Qxf3 Ng5 20. Qe3 Nxh3+ 21.
Kg2 Ng5 22. f4 exf4 23. gxf4 Ne6 24. b5 c5 25. f5 Ng5 26. Rad1 Nf7 27. a5 Rd7
28. b6 cxb6 29. Qf4+ Kc8 30. axb6 a6 31. Ne3 Qd6 32. Qxd6 Rxd6 33. Nd5 Kd7
1/2-1/2

[Event "Copenhagen Chess Challenge 2013"]
[Site "Ballerup"]
[Date "2013.??.??"]
[Round "3"]
[White "Poulsen, Iver"]
[Black "Hove, Esben Kjems"]
[Result "1/2-1/2"]
[WhiteElo "2057"]
[BlackElo "2233"]
[PlyCount "150"]
[EventDate "2013.??.??"]
[EventType "swiss"]
[EventRounds "9"]
[EventCountry "DEN"]

1. e4 c6 2. c4 e5 3. Nf3 d6 4. d4 Nd7 5. Nc3 Ngf6 6. Be2 Be7 7. h3 O-O 8. Be3
Re8 9. d5 c5 10. a3 Nh5 11. Nd2 Nf4 12. Bf1 Ng6 13. g3 Ndf8 14. h4 a6 15. Bd3
Bd7 16. Qe2 Rb8 17. b4 b6 18. Rb1 Qc7 19. h5 Nh8 20. f3 Qd8 21. Kf2 g6 22. Bc2
gxh5 23. Rxh5 Nhg6 24. Rbh1 Qc7 25. b5 Ra8 26. a4 Bf6 27. Ke1 Bg7 28. Qh2 f6
29. Bh6 Re7 30. Be3 Bh8 31. Ke2 Rf7 32. Nd1 Qc8 33. g4 Be8 34. Rh3 Rfa7 35. Bd3
Qc7 36. Nf2 axb5 37. axb5 Ra1 38. Qg3 Bg7 39. Rxa1 Rxa1 40. Rh1 Ra2 41. Rc1 Qa7
42. Nh3 Qa3 43. Rc2 Ra1 44. Qf2 Rh1 45. Qg2 Ra1 46. Qf2 Bd7 47. Nf1 h5 48. Nh2
hxg4 49. Nxg4 Kf7 50. Qg3 Qb3 51. Rd2 Qc3 52. Nhf2 Nh7 53. Nd1 Qa3 54. Ngf2 Qa8
55. Rc2 Qf8 56. Rb2 Qh8 57. Qh2 Ng5 58. Qxh8 Bxh8 59. Bxg5 fxg5 60. Kd2 Bf6 61.
Rb1 Ra3 62. Nc3 Nh4 63. Be2 Ng2 64. Rg1 Nf4 65. Bd1 Ra1 66. Kc2 Ra8 67. Rh1 Kg6
68. Nd3 Bg7 69. Rh2 Bf6 70. Nf2 Rf8 71. Kd2 Kg7 72. Be2 Be7 73. Bd1 Ng6 74. Ke3
Nh4 75. Ng4 Ra8 1/2-1/2